000 00441nam a2200181Ia 4500
001 19232
005 20260306171729.0
008 260306s9999||||xx |||||||||||||| ||und||
041 _aESP
082 _a658.81
_bCH245
100 _aChima, John,
_eAUT
245 0 _aRetail :
_bdesmarcándome de los "Gerentosaurios"
260 _c2023
300 _a297 páginas :
_c21 cm.
650 _aGEN
654 _aCAN
942 _cLIB
_dJUS
_fJUS
_2ddc
_n
999 _c19232
_d19232